000 00520nam a2200193Ia 4500
005 20240823031758.0
008 240823s9999||||xx |||||||||||||| ||und||
020 _a978-81-317-2305-0
041 _aENGLISH
082 _A005.8 Q1
100 _aYusuf Bhaiji
245 0 _aCCIE Professional Development Network security Technologies and Solutions
250 _a1st
260 _c2011
_bPearson Education Internat
500 _aYES
650 _aNetwork Security
_bComputer Science
942 _cBK
999 _c191881
_d191881